000
00311 a2200109 4500
001
ART_11112
005
20260410161732.0
008
260409a
245
1
0
_a
El ajuste no es recesivo
100
1
_a
Frenkel, Roberto
773
0
_t
Ejecutivos de finanzas
_g
- Año 5, Nº 42 (nov. 1987)
_w
REV2863
999
_c
17976
_d
17976